|
|
|
|
| LEADER |
01388nam a2200313 a 4500 |
| 001 |
31353 |
| 003 |
BD-DhAAL |
| 005 |
20161004153449.0 |
| 008 |
161004s2005 cou b 000 0 eng |
| 020 |
|
|
|a 9780977326402 (pbk.)
|
| 040 |
|
|
|a ANL
|b eng
|d ANL
|d BD-DhAAL
|
| 082 |
0 |
4 |
|a 658
|2 22
|
| 999 |
|
|
|c 37810
|d 37810
|
| 999 |
|
|
|c 35094
|
| 100 |
1 |
|
|a Collins, James C.
|q (James Charles),
|d 1958-
|9 12992
|
| 245 |
1 |
0 |
|a Good to great and the social sectors :
|b why business thinking is not the answer : a monograph to accompany Good to great : why some companies make the leap--and others don't /
|c Jim Collins.
|
| 260 |
|
|
|a [Boulder, Colo.] :
|a Business Books :
|b Jim Collins,
|b London,
|c c2006.
|
| 300 |
|
|
|a 35 p. ;
|c 24 cm.
|
| 500 |
|
|
|a At head of title: Why business thinking is not the answer
|
| 504 |
|
|
|a Includes bibliographical references.
|
| 526 |
|
|
|a BIGD
|
| 541 |
|
|
|e 31353
|
| 650 |
|
0 |
|a Leadership.
|9 13315
|
| 650 |
|
0 |
|a Strategic planning.
|9 13316
|
| 650 |
|
0 |
|a Organizational change.
|9 13317
|
| 650 |
|
0 |
|a Technological innovations
|x Management.
|9 9604
|
| 700 |
1 |
|
|a Collins, James C.
|q (James Charles),
|d 1958-
|t Good to great : why some companies make the leap- and others don't.
|f 2001.
|9 13318
|
| 942 |
|
|
|2 ddc
|c BK
|
| 952 |
|
|
|0 0
|1 0
|2 ddc
|4 0
|6 658_000000000000000_COL
|7 0
|9 59648
|a IGS
|b IGS
|c GEN
|d 2016-09-25
|e Trim Education
|g 1205.00
|l 0
|o 658 COL
|p 3010031353
|r 2016-10-01
|t 1
|v 1205.00
|w 2016-09-25
|y BK
|